|
|
|
|
| LEADER |
00000nab a2200000 4500 |
| 001 |
vtls011773984 |
| 003 |
SK-MaSNL |
| 005 |
20260318123625.0 |
| 008 |
180822|2018 xo |||| || ||00 0|hun |
| 015 |
|
|
|a SNBRB2018/08
|
| 040 |
|
|
|a DSZK
|b slo
|c DSZK
|e rda
|
| 041 |
|
|
|a hun
|a slo
|
| 043 |
|
|
|a e-xo---
|
| 044 |
|
|
|a xo
|c SK
|
| 072 |
|
7 |
|a 72/76
|x Výtvarné umenie
|2 konspekt
|
| 080 |
|
|
|a 72/76.077
|x (437.612)
|2 2011
|
| 100 |
1 |
|
|a Kmeť, Vladislav,
|d 1950-
|4 aut
|4 pht
|9 338580
|
| 245 |
1 |
3 |
|a Az amatőr festő a természet szerelmese
|c kép és szövet Vladislav Kmeť
|
| 300 |
|
|
|b Fotografie
|
| 336 |
|
|
|a text
|b txt
|2 rdacontent
|
| 337 |
|
|
|a bez média
|b n
|2 rdamedia
|
| 338 |
|
|
|a zväzok
|b nc
|2 rdacarrier
|
| 546 |
|
|
|a Dvojjazyčné vydanie
|
| 600 |
1 |
7 |
|a Reichel Földes, Mária
|2 dszk
|9 1314860
|
| 650 |
0 |
7 |
|a výtvarné umenie
|2 SNKPH
|9 723
|
| 650 |
0 |
7 |
|a amatérski výtvarníci
|2 dszk
|9 494228
|
| 651 |
|
7 |
|a Veľký Meder (Slovensko)
|2 SNKPHgeo
|9 19224
|
| 773 |
0 |
|
|t Nagymegyeri hírmondó = Veľkomederský hlásnik
|g Évf. XIV, sz. 7 (2018), o. 3
|x 1339-2409
|
| 958 |
|
|
|a SK
|
| 958 |
|
|
|a HU
|
| 958 |
|
|
|a RG
|
| 999 |
|
|
|c 2647561
|d 2649491
|